| 000 | 00622nam a2200229Ia 4500 | ||
|---|---|---|---|
| 005 | 20250508165029.0 | ||
| 008 | 008 250505s9999 xx 000 0 eng d | ||
| 020 | _a0-86311-392-3 | ||
| 037 | _aTextual | ||
| 040 |
_aFEDL _beng _cFEDL |
||
| 041 |
_aeng _2eng |
||
| 084 |
_a574, BEC _qFEDL |
||
| 100 |
_aBeckett Brian _9779753 |
||
| 245 | 0 | _aBiology activities | |
| 260 |
_aOxford, UK _bOxford University Press _c1989 |
||
| 300 | _a64p. | ||
| 365 |
_aGBP _b3.25 |
||
| 546 | _aCo-ordinated science; MACESE | ||
| 700 |
_a Goodwin Chris _9779754 |
||
| 942 |
_cTEXL _h574, BEC |
||
| 999 |
_c1392742 _d1392742 |
||